[Event "4MCR_4D_1L_2S"]
[Site "CR"]
[Date "2000.??.??"]
[Round "?"]
[White "Blatsky, Libor"]
[Black "Kuta, Jiri"]
[Result "1-0"]
[WhiteElo "2285"]
[BlackElo "2365"]
[PlyCount "131"]
[EventDate "2000.??.??"]
[EventType "tourn (corr)"]

1. e4 e5 2. Nf3 Nc6 3. Bb5 a6 4. Ba4 Nf6 5. O-O Be7 6. Re1 b5 7. Bb3 d6 8. c3
O-O 9. h3 Bb7 10. d4 Re8 11. Nbd2 Bf8 12. d5 Nb8 13. Nf1 Nbd7 14. Ng3 g6 15.
Nh2 Bg7 16. Be3 Nc5 17. Bc2 Ncd7 18. Qf3 Qc8 19. Rad1 c5 20. dxc6 Qxc6 21. Rd2
Rad8 22. Red1 Nb6 23. Bxb6 Qxb6 24. Nhf1 Rd7 25. Ne3 h5 26. a3 Red8 27. c4 bxc4
28. Nxc4 Qc5 29. Ne3 Qb5 30. b4 a5 31. Bd3 Qa4 32. Nc4 axb4 33. Nb6 Qxa3 34.
Nxd7 Rxd7 35. Bb5 Qxf3 36. gxf3 Rc7 37. Rxd6 Bc8 38. Rb1 Bxh3 39. Rxb4 Bf8 40.
Rd8 Be6 41. Rb1 Kg7 42. Ne2 g5 43. Rc1 Rc5 44. Rxc5 Bxc5 45. Bc6 g4 46. f4 exf4
47. e5 Nh7 48. Nxf4 h4 49. Bd7 g3 50. Kg2 Bxf2 51. Nxe6+ fxe6 52. Bxe6 Nf8 53.
Bf5 Bc5 54. Rc8 Be7 55. Rc6 Kf7 56. Be4 Bg5 57. Kh3 Be7 58. Kg4 Kg7 59. Bg2 Ng6
60. Kf5 Nf8 61. Rc7 Ng6 62. Bf1 Kf7 63. Rc4 Nf8 64. Rg4 Ke8 65. e6 Kd8 66. Rc4
1-0

[Event "4MCR_4D_1L_2S"]
[Site "CR"]
[Date "2000.??.??"]
[Round "?"]
[White "Blatsky, Libor"]
[Black "Pletanek, Jan"]
[Result "1/2-1/2"]
[WhiteElo "2285"]
[BlackElo "2440"]
[PlyCount "46"]
[EventDate "2000.??.??"]
[EventType "tourn (corr)"]

1. d4 Nf6 2. c4 g6 3. Nc3 Bg7 4. e4 d6 5. Nf3 O-O 6. Be2 e5 7. O-O Na6 8. Be3
Ng4 9. Bg5 Qe8 10. dxe5 dxe5 11. h3 h6 12. Bd2 Nf6 13. Be3 Qe7 14. Nd5 Qd8 15.
Nxf6+ Qxf6 16. c5 Nb8 17. b4 Nc6 18. b5 Rd8 19. Qc1 Nd4 20. Nxd4 exd4 21. Bxh6
d3 22. Bxg7 Kxg7 23. Bf3 a6 1/2-1/2

[Event "4MCR_4D_1L_2S"]
[Site "CR"]
[Date "2000.??.??"]
[Round "?"]
[White "Blatsky, Libor"]
[Black "Svoboda, Frantisek"]
[Result "1-0"]
[WhiteElo "2285"]
[BlackElo "2420"]
[PlyCount "99"]
[EventDate "2000.??.??"]
[EventType "tourn (corr)"]

1. e4 e6 2. d4 d5 3. Nd2 Nf6 4. e5 Nfd7 5. f4 c5 6. c3 Nc6 7. Ndf3 cxd4 8. cxd4
Qb6 9. h4 Bb4+ 10. Kf2 f6 11. Be3 fxe5 12. fxe5 O-O 13. Ne2 Rf7 14. Rc1 Be7 15.
Qd2 Nf8 16. Nf4 Bd7 17. Bd3 Nb4 18. Bb1 Bb5 19. Rh3 Nc6 20. Ng5 Bxg5 21. hxg5
g6 22. Rf3 Rc8 23. Nh3 Rfc7 24. Rf6 Nd8 25. Rxc7 Rxc7 26. Kg1 Rf7 27. Nf2 Nd7
28. Rxf7 Nxf7 29. Ng4 Qc6 30. b3 Kg7 31. Qb4 Nf8 32. Qe7 Qd7 33. Qf6+ Kg8 34.
Kf2 Qe8 35. a4 Bd7 36. Bc1 Bc6 37. Ba3 Nd7 38. Qf4 a5 39. Bd3 b6 40. Kg1 Qd8
41. Nf6+ Nxf6 42. gxf6 Bd7 43. Qc1 Qb8 44. Bb5 Qd8 45. Be7 Qe8 46. Qc7 Qc8 47.
Qxc8+ Bxc8 48. Be8 g5 49. g4 Nh6 50. Bd8 1-0

[Event "4MCR_4D_1L_2S"]
[Site "CR"]
[Date "2000.??.??"]
[Round "?"]
[White "Blatsky, Libor"]
[Black "Trexler, Evzen"]
[Result "1-0"]
[WhiteElo "2285"]
[BlackElo "2350"]
[PlyCount "105"]
[EventDate "2000.??.??"]
[EventType "tourn (corr)"]

1. d4 Nf6 2. c4 e6 3. Nc3 d5 4. Nf3 c6 5. Bg5 h6 6. Bh4 dxc4 7. e4 Be7 8. e5
Nd5 9. Bxe7 Qxe7 10. Bxc4 Qb4 11. Qb3 Qxb3 12. Bxb3 Nxc3 13. bxc3 Ke7 14. Nd2
c5 15. Ne4 cxd4 16. cxd4 Bd7 17. O-O Bc6 18. Nd6 h5 19. f4 g6 20. Rad1 Na6 21.
f5 gxf5 22. d5 Bxd5 23. Bxd5 exd5 24. Rxf5 Rh7 25. Rxd5 b6 26. Rf6 Nc5 27. Kf2
Kf8 28. Kg3 Rd8 29. Rd4 Rd7 30. Kh4 Re7 31. Rf5 Nd7 32. Rd5 Nc5 33. Nb5 Ne6 34.
g3 Rh6 35. h3 Rh7 36. Rd6 Kg7 37. Rxh5 Nf8 38. Rxh7+ Kxh7 39. Rd5 Ng6+ 40. Kg5
Nxe5 41. Nd4 Rd7 42. Rxd7 Nxd7 43. g4 a6 44. h4 b5 45. h5 Nb6 46. Kf6 Kg8 47.
g5 Nd5+ 48. Kf5 Nc3 49. Nc6 Kg7 50. h6+ Kg8 51. Ne5 Nd5 52. Nd7 Ne3+ 53. Kf6
1-0

[Event "4MCR_4D_1L_2S"]
[Site "CR"]
[Date "2000.??.??"]
[Round "?"]
[White "Galuska, Josef"]
[Black "Blatsky, Libor"]
[Result "1/2-1/2"]
[WhiteElo "2335"]
[BlackElo "2285"]
[PlyCount "59"]
[EventDate "2000.??.??"]
[EventType "tourn (corr)"]

1. d4 d5 2. c4 e6 3. Nc3 Nf6 4. Nf3 Be7 5. Bg5 h6 6. Bh4 O-O 7. e3 b6 8. cxd5
Nxd5 9. Bxe7 Qxe7 10. Nxd5 exd5 11. Rc1 Be6 12. Qa4 c5 13. Qa3 Rc8 14. Be2 a5
15. O-O Qa7 16. b3 Nd7 17. Bb5 Rc7 18. Rfd1 Rac8 19. h3 Nf6 20. Ne5 Ne4 21. Bd3
cxd4 22. exd4 Nc3 23. Re1 b5 24. Nf3 b4 25. Qb2 Qb6 26. Qd2 Bd7 27. Rc2 Qf6 28.
Ne5 Be6 29. Kh2 Kh8 30. f3 1/2-1/2

[Event "4MCR_4D_1L_2S"]
[Site "CR"]
[Date "2000.??.??"]
[Round "?"]
[White "Galuska, Josef"]
[Black "Hala, Martin"]
[Result "1/2-1/2"]
[WhiteElo "2335"]
[BlackElo "2420"]
[PlyCount "105"]
[EventDate "2000.??.??"]
[EventType "tourn (corr)"]

1. d4 Nf6 2. c4 g6 3. Nc3 Bg7 4. e4 d6 5. f3 O-O 6. Be3 Nc6 7. Nge2 a6 8. Qd2
Rb8 9. Nc1 e5 10. Nb3 exd4 11. Nxd4 Nxd4 12. Bxd4 Be6 13. Be2 c6 14. a4 d5 15.
cxd5 cxd5 16. e5 Nd7 17. f4 f6 18. exf6 Nxf6 19. Rd1 b5 20. axb5 axb5 21. b4
Ne4 22. Nxe4 dxe4 23. Bxg7 Kxg7 24. Qe3 Qf6 25. O-O Bc4 26. Bxc4 bxc4 27. Rd4
Qb6 28. Re1 Rfc8 29. Kh1 c3 30. Rd7+ Kf8 31. Qxe4 Re8 32. Re7 Rxe7 33. Qxe7+
Kg8 34. h3 Qxb4 35. Qe6+ Kg7 36. Qe5+ Kg8 37. Qd5+ Kg7 38. Re4 c2 39. Qe5+ Kg8
40. Rxb4 c1=Q+ 41. Kh2 Rxb4 42. Qe8+ Kg7 43. Qe7+ Kg8 44. Qxb4 Qe3 45. Qd6 Kf7
46. Qd5+ Kf6 47. Qg5+ Kf7 48. Qh6 Kg8 49. h4 Qf2 50. Qg5 Kf8 51. h5 gxh5 52.
Kh3 Qe1 53. Qe5 1/2-1/2

[Event "4MCR_4D_1L_2S"]
[Site "CR"]
[Date "2000.??.??"]
[Round "?"]
[White "Galuska, Josef"]
[Black "Jirku, Jaroslav"]
[Result "1/2-1/2"]
[WhiteElo "2335"]
[BlackElo "2225"]
[PlyCount "48"]
[EventDate "2000.??.??"]
[EventType "tourn (corr)"]

1. d4 d5 2. c4 e6 3. Nc3 Nf6 4. Nf3 Be7 5. Bg5 O-O 6. e3 h6 7. Bxf6 Bxf6 8. Rc1
c6 9. Bd3 Nd7 10. O-O dxc4 11. Bxc4 e5 12. h3 exd4 13. exd4 Nb6 14. Bb3 Bf5 15.
Re1 Re8 16. Rxe8+ Qxe8 17. Qd2 Qd7 18. Re1 Rd8 19. Qf4 Bg6 20. h4 Qf5 21. Qc7
Qc8 22. Qf4 Qf5 23. Qc7 Qd7 24. Qf4 Qf5 1/2-1/2

[Event "4MCR_4D_1L_2S"]
[Site "CR"]
[Date "2000.??.??"]
[Round "?"]
[White "Galuska, Josef"]
[Black "Kuta, Jiri"]
[Result "1-0"]
[WhiteElo "2335"]
[BlackElo "2365"]
[PlyCount "51"]
[EventDate "2000.??.??"]
[EventType "tourn (corr)"]

1. d4 Nf6 2. c4 g6 3. Nc3 Bg7 4. e4 d6 5. f3 O-O 6. Be3 e5 7. Nge2 c6 8. Qd2
Nbd7 9. d5 cxd5 10. cxd5 a6 11. g4 h5 12. g5 Ne8 13. Nc1 b5 14. Nd3 f5 15. h4
f4 16. Bf2 Rf7 17. a4 bxa4 18. Nb4 Nc7 19. Nc6 Qe8 20. Nxa4 Bb7 21. Rc1 Nb5 22.
Bh3 Rc8 23. O-O Kh7 24. Bxd7 Qxd7 25. Nb6 Rc7 26. Nxd7 1-0

[Event "4MCR_4D_1L_2S"]
[Site "CR"]
[Date "2000.??.??"]
[Round "?"]
[White "Galuska, Josef"]
[Black "Rybak, Radek"]
[Result "1/2-1/2"]
[WhiteElo "2335"]
[BlackElo "2200"]
[PlyCount "47"]
[EventDate "2000.??.??"]
[EventType "tourn (corr)"]

1. d4 Nf6 2. c4 e6 3. Nc3 d5 4. Nf3 c5 5. cxd5 Nxd5 6. e4 Nxc3 7. bxc3 cxd4 8.
cxd4 Bb4+ 9. Bd2 Bxd2+ 10. Qxd2 O-O 11. Bc4 Nc6 12. O-O b6 13. Rad1 Bb7 14.
Rfe1 Ne7 15. d5 exd5 16. exd5 Nf5 17. Ne5 Nd6 18. Nc6 Qf6 19. Bb3 Rfe8 20.
Rxe8+ Nxe8 21. Re1 Nd6 22. Qd3 g6 23. h3 a6 24. g3 1/2-1/2

[Event "4MCR_4D_1L_2S"]
[Site "CR"]
[Date "2000.??.??"]
[Round "?"]
[White "Galuska, Josef"]
[Black "Trexler, Evzen"]
[Result "1/2-1/2"]
[WhiteElo "2335"]
[BlackElo "2350"]
[PlyCount "51"]
[EventDate "2000.??.??"]
[EventType "tourn (corr)"]

1. d4 Nf6 2. c4 e6 3. Nc3 d5 4. Nf3 c6 5. e3 Nbd7 6. Qc2 Bd6 7. b3 O-O 8. Be2
Re8 9. O-O b6 10. Bb2 Bb7 11. Rad1 Qe7 12. e4 Nxe4 13. Nxe4 dxe4 14. Qxe4 Rad8
15. Bd3 f5 16. Qe2 c5 17. dxc5 Nxc5 18. Bc2 Ne4 19. Ne5 Qf6 20. Bxe4 Bxe4 21.
f4 Qh4 22. Bd4 Bb4 23. Be3 Qe7 24. Bf2 Rxd1 25. Rxd1 Rd8 26. Rd4 1/2-1/2

[Event "4MCR_4D_1L_2S"]
[Site "CR"]
[Date "2000.??.??"]
[Round "?"]
[White "Galuska, Josef"]
[Black "Vavrla, Zdenek"]
[Result "1/2-1/2"]
[WhiteElo "2335"]
[BlackElo "2405"]
[PlyCount "90"]
[EventDate "2000.??.??"]
[EventType "tourn (corr)"]

1. d4 d5 2. c4 e6 3. Nc3 c6 4. Nf3 dxc4 5. a4 Bb4 6. e3 b5 7. Bd2 Bb7 8. b3 a5
9. bxc4 bxc4 10. Bxc4 Nf6 11. O-O O-O 12. Qe2 c5 13. dxc5 Nbd7 14. c6 Bxc6 15.
Nd4 Bb7 16. Rfc1 Ne5 17. Bb5 Qd6 18. f3 Rfd8 19. Be1 Rac8 20. Na2 Rxc1 21. Rxc1
Bxe1 22. Qxe1 Qa3 23. Nc3 Rc8 24. e4 Ne8 25. Nce2 Rxc1 26. Qxc1 Qxc1+ 27. Nxc1
Nd6 28. Ncb3 Nec4 29. Nc5 Bc8 30. Kf2 Kf8 31. Ke2 Nxb5 32. axb5 Ke7 33. Kd3
Nb2+ 34. Kc2 Kd6 35. Ncb3 a4 36. Kxb2 axb3 37. Nxb3 Bd7 38. b6 Kc6 39. Nc5 Bc8
40. b7 Bxb7 41. Nxb7 Kxb7 42. Kc3 Kc6 43. Kd4 f6 44. e5 f5 45. f4 Kb5 1/2-1/2

[Event "4MCR_4D_1L_2S"]
[Site "CR"]
[Date "2000.??.??"]
[Round "?"]
[White "Hala, Martin"]
[Black "Bazant, Petr"]
[Result "1/2-1/2"]
[WhiteElo "2420"]
[BlackElo "2385"]
[PlyCount "98"]
[EventDate "2000.??.??"]
[EventType "tourn (corr)"]

1. e4 c5 2. Nf3 Nf6 3. Nc3 Nc6 4. d4 d5 5. exd5 Nxd5 6. Nxd5 Qxd5 7. Be3 cxd4
8. Nxd4 Nxd4 9. Qxd4 Qxd4 10. Bxd4 Bd7 11. O-O-O Bc6 12. f4 a6 13. Rd2 Rd8 14.
Bc4 Bxg2 15. Rhd1 Bf3 16. Bb6 Rd6 17. Bb3 f6 18. Rf1 Bc6 19. Re1 Rxd2 20. Kxd2
g6 21. Bd4 Kd7 22. Bc5 e5 23. Bxf8 Rxf8 24. fxe5 fxe5 25. Rxe5 Rf2+ 26. Re2 Rf4
27. c3 g5 28. Re5 h6 29. Kd3 Rf6 30. Bd1 Kd6 31. Re3 Rf2 32. Rh3 Rxb2 33. Rxh6+
Ke5 34. a4 Be4+ 35. Ke3 Rb1 36. Bf3 Re1+ 37. Kf2 Rc1 38. Bxe4 Kxe4 39. h4 Rc2+
40. Kf1 g4 41. Rh7 b6 42. h5 Kf3 43. Rf7+ Kg3 44. Kg1 Rc1+ 45. Rf1 Rxc3 46. h6
Rc7 47. Rb1 Rb7 48. Rb3+ Kh4 49. Kg2 Kg5 1/2-1/2

[Event "4MCR_4D_1L_2S"]
[Site "CR"]
[Date "2000.??.??"]
[Round "?"]
[White "Hala, Martin"]
[Black "Hlavac, Frantisek"]
[Result "1/2-1/2"]
[WhiteElo "2420"]
[BlackElo "2405"]
[PlyCount "52"]
[EventDate "2000.??.??"]
[EventType "tourn (corr)"]

1. e4 c5 2. Nf3 Nc6 3. d4 cxd4 4. Nxd4 g6 5. Nc3 Bg7 6. Be3 Nf6 7. Bc4 O-O 8.
Bb3 a5 9. O-O d6 10. f3 Nxd4 11. Bxd4 Be6 12. Bxe6 fxe6 13. Kh1 Rc8 14. Qd3 Qc7
15. f4 Qc4 16. Rad1 Nd7 17. Bxg7 Kxg7 18. h3 Nb6 19. Qf3 Qc6 20. Ne2 e5 21. f5
Qxc2 22. Ng3 Rf6 23. Qe3 Nc4 24. Qg5 Kh8 25. fxg6 Rxg6 26. Qxe7 Rxg3 1/2-1/2

[Event "4MCR_4D_1L_2S"]
[Site "CR"]
[Date "2000.??.??"]
[Round "?"]
[White "Hala, Martin"]
[Black "Kuta, Jiri"]
[Result "1-0"]
[WhiteElo "2420"]
[BlackElo "2365"]
[PlyCount "52"]
[EventDate "2000.??.??"]
[EventType "tourn (corr)"]

1. e4 e5 2. Nf3 Nc6 3. Bb5 a6 4. Ba4 Nf6 5. O-O Be7 6. Re1 b5 7. Bb3 d6 8. c3
O-O 9. h3 Bb7 10. d4 Re8 11. Nbd2 Bf8 12. a4 h6 13. Bc2 exd4 14. cxd4 Nb4 15.
Bb1 c5 16. d5 Nd7 17. Ra3 f5 18. Nh2 fxe4 19. Nxe4 Bxd5 20. Rg3 Kh8 21. Ng4
Bxe4 22. Rxe4 Rxe4 23. Bxe4 d5 24. Bf5 Qc7 25. Nxh6 Nf6 26. Bg5 Bd6 1-0

[Event "4MCR_4D_1L_2S"]
[Site "CR"]
[Date "2000.??.??"]
[Round "?"]
[White "Hala, Martin"]
[Black "Pletanek, Jan"]
[Result "1/2-1/2"]
[WhiteElo "2420"]
[BlackElo "2440"]
[PlyCount "65"]
[EventDate "2000.??.??"]
[EventType "tourn (corr)"]

1. e4 c5 2. Nf3 d6 3. d4 cxd4 4. Nxd4 Nf6 5. Nc3 a6 6. Bg5 e6 7. f4 Qb6 8. a3
Nbd7 9. f5 exf5 10. exf5 Be7 11. Bc4 d5 12. Bb3 O-O 13. O-O Bc5 14. Be3 Re8 15.
Bf2 Qd6 16. Kh1 Nb6 17. Qf3 Bd7 18. Rad1 Bc6 19. Ba2 Na4 20. b4 Nxc3 21. Qxc3
Bb6 22. Qf3 Ne4 23. Bg1 Bc7 24. f6 g6 25. c4 Re5 26. Nxc6 bxc6 27. Qf4 Rae8 28.
cxd5 cxd5 29. Bb3 R8e6 30. Bxd5 Rxd5 31. Rxd5 Qxf4 32. Rxf4 Nxf6 33. Rxf6
1/2-1/2

[Event "4MCR_4D_1L_2S"]
[Site "CR"]
[Date "2000.??.??"]
[Round "?"]
[White "Hala, Martin"]
[Black "Svoboda, Frantisek"]
[Result "0-1"]
[WhiteElo "2420"]
[BlackElo "2420"]
[PlyCount "106"]
[EventDate "2000.??.??"]
[EventType "tourn (corr)"]

1. e4 e6 2. d4 d5 3. Nc3 Bb4 4. e5 c5 5. Bd2 Ne7 6. Nb5 Bxd2+ 7. Qxd2 O-O 8. c3
Nbc6 9. f4 cxd4 10. cxd4 Nf5 11. Nf3 f6 12. Bd3 fxe5 13. fxe5 a6 14. Bxf5 axb5
15. Bd3 Qa5 16. a3 Bd7 17. Qxa5 Rxa5 18. Kd2 Raa8 19. Bxb5 Nxe5 20. Bxd7 Nxd7
21. Rhe1 Ra6 22. Rac1 Nb6 23. Rc5 Nc4+ 24. Kc3 h6 25. Re2 g5 26. h3 Rf4 27. a4
Nd6 28. Kd3 Ne4 29. Rb5 Nd6 30. Rc5 Ne4 31. Rc7 Rxa4 32. Rxb7 g4 33. hxg4 Rxg4
34. b3 Ra8 35. Rc2 h5 36. Rbc7 h4 37. Rc8+ Rxc8 38. Rxc8+ Kg7 39. Rc2 Kf6 40.
b4 Nd6 41. Rf2 Rg3 42. Rf1 Ke7 43. Ke3 Rxg2 44. Nxh4 Rg4 45. Nf3 Nf5+ 46. Kd3
Rf4 47. Nd2 Rxd4+ 48. Kc3 Rh4 49. b5 Kd6 50. Re1 Rh3+ 51. Kb4 Nd4 52. Rf1 Nc2+
53. Ka5 Kc5 0-1

[Event "4MCR_4D_1L_2S"]
[Site "CR"]
[Date "2000.??.??"]
[Round "?"]
[White "Hala, Martin"]
[Black "Sykora, Josef"]
[Result "1-0"]
[WhiteElo "2420"]
[BlackElo "2310"]
[PlyCount "83"]
[EventDate "2000.??.??"]
[EventType "tourn (corr)"]

1. e4 c6 2. d4 d5 3. exd5 cxd5 4. c3 Nc6 5. Nf3 Nf6 6. Bf4 Qb6 7. Qb3 Qxb3 8.
axb3 Bg4 9. Ne5 Nxe5 10. dxe5 Nd7 11. Na3 Nc5 12. b4 Ne6 13. Be3 a6 14. Nc2 g6
15. Bb5+ Kd8 16. Bb6+ Nc7 17. Ne3 Be6 18. O-O Bg7 19. f4 Kc8 20. Ba4 Rd8 21.
Rad1 f6 22. f5 gxf5 23. Nxf5 Bxf5 24. Rxf5 fxe5 25. Rf7 Bf6 26. Rf1 Rd6 27. Bc5
Rd8 28. Bxe7 Bxe7 29. Rxe7 b5 30. Rff7 Ra7 31. Bc2 h6 32. Rxe5 a5 33. bxa5 Rxa5
34. Ree7 Ra7 35. Kf2 Rd6 36. Bd3 Kb8 37. g4 Rc6 38. h4 Ra2 39. Re2 Ra4 40. g5
Rxh4 41. g6 Ne6 42. Rxe6 1-0

[Event "4MCR_4D_1L_2S"]
[Site "CR"]
[Date "2000.??.??"]
[Round "?"]
[White "Hala, Martin"]
[Black "Trexler, Evzen"]
[Result "1/2-1/2"]
[WhiteElo "2420"]
[BlackElo "2350"]
[PlyCount "53"]
[EventDate "2000.??.??"]
[EventType "tourn (corr)"]

1. e4 c5 2. Nf3 d6 3. d4 cxd4 4. Nxd4 Nf6 5. Nc3 a6 6. Bg5 e6 7. f4 Be7 8. Qf3
Qc7 9. O-O-O Nbd7 10. g4 b5 11. Bxf6 Nxf6 12. g5 Nd7 13. f5 Nc5 14. f6 gxf6 15.
gxf6 Bf8 16. Rg1 h5 17. a3 Bd7 18. Bh3 Rb8 19. Rde1 b4 20. Nd5 Qa5 21. Nxb4
Rxb4 22. axb4 Qa1+ 23. Kd2 Qxb2 24. bxc5 Qxd4+ 25. Qd3 Bh6+ 26. Kd1 Qb2 27.
Qxd6 1/2-1/2

[Event "4MCR_4D_1L_2S"]
[Site "CR"]
[Date "2000.??.??"]
[Round "?"]
[White "Hlavac, Frantisek"]
[Black "Bazant, Petr"]
[Result "1-0"]
[WhiteElo "2405"]
[BlackElo "2385"]
[PlyCount "59"]
[EventDate "2000.??.??"]
[EventType "tourn (corr)"]

1. e4 c5 2. Nf3 Nf6 3. e5 Nd5 4. Nc3 e6 5. Nxd5 exd5 6. d4 Nc6 7. dxc5 Bxc5 8.
Qxd5 d6 9. exd6 Qb6 10. Qe4+ Be6 11. Qh4 f6 12. Bd3 O-O-O 13. O-O Rxd6 14. a3
Nd4 15. Qg3 Qc6 16. Nxd4 Rxd4 17. h3 g5 18. b4 Bb6 19. Bb2 Rf4 20. Rae1 Bd7 21.
Bc1 Rh4 22. c4 Bc7 23. f4 Rd8 24. Rf3 Kb8 25. c5 Qd5 26. Bf1 Qd4+ 27. Be3 Qb2
28. Rd1 Qc2 29. Qe1 h6 30. b5 1-0

[Event "4MCR_4D_1L_2S"]
[Site "CR"]
[Date "2000.??.??"]
[Round "?"]
[White "Hlavac, Frantisek"]
[Black "Galuska, Josef"]
[Result "1-0"]
[WhiteElo "2405"]
[BlackElo "2335"]
[PlyCount "59"]
[EventDate "2000.??.??"]
[EventType "tourn (corr)"]

1. e4 Nf6 2. e5 Nd5 3. d4 d6 4. c4 Nb6 5. exd6 cxd6 6. Nc3 g6 7. Be3 Bg7 8. Rc1
O-O 9. b3 Nc6 10. d5 Ne5 11. Be2 Ned7 12. Nf3 Nf6 13. Nd4 Bd7 14. O-O a6 15. h3
Rc8 16. Qd2 Re8 17. Bf3 Qc7 18. Rfe1 e5 19. dxe6 fxe6 20. Red1 Rb8 21. Bg5 Nc8
22. b4 Bc6 23. Nd5 exd5 24. Bxf6 dxc4 25. Nxc6 bxc6 26. Bxg7 Qxg7 27. Bxc6 Rd8
28. Bd5+ Kh8 29. Bxc4 Rb6 30. Re1 1-0

[Event "4MCR_4D_1L_2S"]
[Site "CR"]
[Date "2000.??.??"]
[Round "?"]
[White "Hlavac, Frantisek"]
[Black "Pletanek, Jan"]
[Result "1/2-1/2"]
[WhiteElo "2405"]
[BlackElo "2440"]
[PlyCount "48"]
[EventDate "2000.??.??"]
[EventType "tourn (corr)"]

1. d4 Nf6 2. c4 e6 3. g3 d5 4. Bg2 Be7 5. Nf3 O-O 6. O-O dxc4 7. Qc2 a6 8. a4
Bd7 9. Qxc4 Bc6 10. Bg5 a5 11. Nc3 Na6 12. Rfd1 Nb4 13. Rac1 Bxf3 14. Bxf3 c6
15. Bg2 Nd7 16. Bxe7 Qxe7 17. Na2 Nb6 18. Qb3 N6d5 19. Nxb4 Nxb4 20. Rc5 Rfd8
21. e3 b6 22. Rc3 Rac8 23. Rdc1 Rd6 24. Rc4 Qd7 1/2-1/2

[Event "4MCR_4D_1L_2S"]
[Site "CR"]
[Date "2000.??.??"]
[Round "?"]
[White "Hlavac, Frantisek"]
[Black "Riha, Jan"]
[Result "1-0"]
[WhiteElo "2405"]
[BlackElo "2305"]
[PlyCount "57"]
[EventDate "2000.??.??"]
[EventType "tourn (corr)"]

1. e4 e5 2. Nc3 Nf6 3. Bc4 Nc6 4. d3 Na5 5. Nge2 c6 6. a3 Nxc4 7. dxc4 d6 8.
Qd3 Be7 9. O-O O-O 10. b3 Be6 11. Bb2 Nd7 12. Ng3 g6 13. Rad1 Nc5 14. Qe2 f5
15. exf5 gxf5 16. f4 e4 17. Qe3 Qb6 18. Nce2 Nd7 19. Nd4 Rae8 20. Nh5 Rf7 21.
Kh1 Bf6 22. Qh3 Qc5 23. Bc3 a5 24. a4 Ree7 25. Nxf6+ Rxf6 26. Rg1 Rg6 27. Nxe6
Rexe6 28. Bd4 Qb4 29. g4 1-0

[Event "4MCR_4D_1L_2S"]
[Site "CR"]
[Date "2000.??.??"]
[Round "?"]
[White "Hlavac, Frantisek"]
[Black "Svihel, Karel"]
[Result "1/2-1/2"]
[WhiteElo "2405"]
[BlackElo "2295"]
[PlyCount "36"]
[EventDate "2000.??.??"]
[EventType "tourn (corr)"]

1. e4 e5 2. Nc3 Nf6 3. Bc4 Nxe4 4. Qh5 Nd6 5. Bb3 Be7 6. Nf3 Nc6 7. Nxe5 g6 8.
Nxc6 dxc6 9. Qd1 Nf5 10. O-O Nd4 11. d3 O-O 12. Bf4 Bd6 13. Qd2 Bxf4 14. Qxf4
Be6 15. Bxe6 Nxe6 16. Qd2 f5 17. Rfe1 Qd6 18. Ne2 Rfe8 1/2-1/2

[Event "4MCR_4D_1L_2S"]
[Site "CR"]
[Date "2000.??.??"]
[Round "?"]
[White "Hlavac, Frantisek"]
[Black "Svoboda, Frantisek"]
[Result "1/2-1/2"]
[WhiteElo "2405"]
[BlackElo "2420"]
[PlyCount "84"]
[EventDate "2000.??.??"]
[EventType "tourn (corr)"]

1. e4 e6 2. d4 d5 3. Nc3 Bb4 4. e5 c5 5. Bd2 Ne7 6. dxc5 Nbc6 7. f4 Bxc5 8. Nf3
O-O 9. Na4 Bb6 10. Bd3 f6 11. Qe2 Bd7 12. exf6 Rxf6 13. Nxb6 Qxb6 14. O-O-O Nf5
15. c3 d4 16. Rhe1 Rc8 17. Kb1 Be8 18. g4 Ne3 19. Bxe3 dxe3 20. f5 exf5 21.
Bxf5 Rd8 22. Rxd8 Nxd8 23. Nd4 g6 24. Qxe3 Rf8 25. Be4 Bf7 26. h4 Ne6 27. Bd5
Nxd4 28. Bxf7+ Rxf7 29. cxd4 Qa6 30. a3 Qc4 31. h5 Rf1 32. Qe8+ Kg7 33. Qe5+
Kf7 34. Qe7+ Kg8 35. h6 Rxe1+ 36. Qxe1 Qd3+ 37. Ka1 Kf7 38. Qc3 Qd1+ 39. Ka2
Qxg4 40. Qc7+ Ke8 41. Qxh7 Qe6+ 42. Kb1 Qe1+ 1/2-1/2

[Event "4MCR_4D_1L_2S"]
[Site "CR"]
[Date "2000.??.??"]
[Round "?"]
[White "Hlavac, Frantisek"]
[Black "Sykora, Josef"]
[Result "1/2-1/2"]
[WhiteElo "2405"]
[BlackElo "2310"]
[PlyCount "74"]
[EventDate "2000.??.??"]
[EventType "tourn (corr)"]

1. e4 c6 2. d4 d5 3. Nc3 dxe4 4. Nxe4 Nd7 5. Ng5 Ngf6 6. Bd3 e6 7. N1f3 Bd6 8.
Qe2 h6 9. Ne4 Nxe4 10. Qxe4 Qc7 11. Qg4 Kf8 12. O-O c5 13. Re1 b6 14. b3 Nf6
15. Qh4 Bb7 16. Ne5 cxd4 17. Qxd4 Qc5 18. Bb2 Qxd4 19. Bxd4 Rd8 20. Bb2 Ke7 21.
Rad1 Bc5 22. Kf1 Nd5 23. a3 Nf4 24. f3 f6 25. Ng6+ Nxg6 26. Bxg6 a5 27. Bd3 g5
28. Bc1 Bc6 29. Be3 Bxe3 30. Rxe3 Rd6 31. Be2 Rxd1+ 32. Bxd1 Rd8 33. Be2 h5 34.
Rc3 Rd6 35. b4 axb4 36. axb4 h4 37. Ra3 e5 1/2-1/2

[Event "4MCR_4D_1L_2S"]
[Site "CR"]
[Date "2000.??.??"]
[Round "?"]
[White "Jirku, Jaroslav"]
[Black "Blatsky, Libor"]
[Result "0-1"]
[WhiteElo "2225"]
[BlackElo "2285"]
[PlyCount "60"]
[EventDate "2000.??.??"]
[EventType "tourn (corr)"]

1. e4 e5 2. Nf3 Nf6 3. Nxe5 d6 4. Nf3 Nxe4 5. d4 d5 6. Bd3 Bd6 7. O-O O-O 8. c4
c6 9. Re1 Re8 10. Nc3 Nxc3 11. Rxe8+ Qxe8 12. bxc3 dxc4 13. Bxc4 Bg4 14. Be3
Nd7 15. h3 Bh5 16. Bd3 Nf6 17. c4 Qd7 18. Be2 Re8 19. Qb3 Ne4 20. Rd1 Qc7 21.
Rb1 b6 22. Rb2 Qe7 23. Bd1 c5 24. d5 f5 25. Qc2 g5 26. Rb3 Bg6 27. Qc1 g4 28.
Nh2 Qh4 29. Rb2 gxh3 30. Nf3 Qg4 0-1

[Event "4MCR_4D_1L_2S"]
[Site "CR"]
[Date "2000.??.??"]
[Round "?"]
[White "Jirku, Jaroslav"]
[Black "Hala, Martin"]
[Result "0-1"]
[WhiteElo "2225"]
[BlackElo "2420"]
[PlyCount "90"]
[EventDate "2000.??.??"]
[EventType "tourn (corr)"]

1. e4 e5 2. Nf3 Nc6 3. Bb5 a6 4. Ba4 Nf6 5. O-O Nxe4 6. d4 b5 7. Bb3 d5 8. dxe5
Be6 9. c3 Bc5 10. Nbd2 O-O 11. Bc2 Nxf2 12. Rxf2 f6 13. exf6 Bxf2+ 14. Kxf2
Qxf6 15. Kg1 Rae8 16. Nf1 Ne5 17. Be3 Nxf3+ 18. Qxf3 Qxf3 19. gxf3 Rxf3 20. Bf2
Bh3 21. Ng3 g6 22. Rd1 c6 23. Rd2 Ref8 24. Bd3 h5 25. Bf1 Bxf1 26. Nxf1 a5 27.
Re2 b4 28. Nd2 Rd3 29. Bd4 a4 30. a3 bxa3 31. bxa3 Rf5 32. Nf1 Rd1 33. Rf2 Rg5+
34. Rg2 Rxg2+ 35. Kxg2 Rb1 36. Bc5 Rb2+ 37. Kg1 Kf7 38. Bb4 Ke6 39. Ne3 Ke5 40.
Ng2 Ke4 41. Ne1 Re2 42. Ng2 g5 43. Kf1 Rb2 44. Be7 Rb3 45. Bb4 d4 0-1

[Event "4MCR_4D_1L_2S"]
[Site "CR"]
[Date "2000.??.??"]
[Round "?"]
[White "Jirku, Jaroslav"]
[Black "Hlavac, Frantisek"]
[Result "1/2-1/2"]
[WhiteElo "2225"]
[BlackElo "2405"]
[PlyCount "63"]
[EventDate "2000.??.??"]
[EventType "tourn (corr)"]

1. e4 c5 2. Nf3 Nc6 3. d4 cxd4 4. Nxd4 g6 5. Nc3 Bg7 6. Be3 Nf6 7. Bc4 O-O 8.
Bb3 a5 9. f3 d5 10. exd5 Nb4 11. Nde2 a4 12. Nxa4 Nfxd5 13. Bf2 Bf5 14. O-O b5
15. Nac3 Nxc3 16. Nxc3 Qxd1 17. Rfxd1 Bxc2 18. Bxc2 Nxc2 19. Rac1 Bxc3 20. Rxc2
Bf6 21. b3 Ra6 22. Bc5 Rc8 23. b4 Ra4 24. Rdd2 Bg5 25. Re2 e6 26. Bd6 Rxc2 27.
Rxc2 Kg7 28. Kf2 Bf6 29. Ke3 g5 30. g4 Ra6 31. Bc5 Kg6 32. Ke4 1/2-1/2

[Event "4MCR_4D_1L_2S"]
[Site "CR"]
[Date "2000.??.??"]
[Round "?"]
[White "Jirku, Jaroslav"]
[Black "Kuta, Jiri"]
[Result "1/2-1/2"]
[WhiteElo "2225"]
[BlackElo "2365"]
[PlyCount "101"]
[EventDate "2000.??.??"]
[EventType "tourn (corr)"]

1. e4 e5 2. Nf3 Nc6 3. Bb5 a6 4. Ba4 Nf6 5. O-O Be7 6. Re1 b5 7. Bb3 d6 8. c3
O-O 9. h3 Bb7 10. d4 Re8 11. Nbd2 Bf8 12. Bc2 g6 13. b3 d5 14. dxe5 Nxe5 15.
Nxe5 Rxe5 16. f4 Re8 17. e5 Nh5 18. Nf3 Bc5+ 19. Nd4 Qh4 20. Rf1 Bb6 21. Bd2
Ng7 22. Kh2 c5 23. Nf3 Qe7 24. b4 cxb4 25. cxb4 Ne6 26. Qe2 Rac8 27. Bb3 Nd4
28. Nxd4 Bxd4 29. Rac1 Rxc1 30. Rxc1 f6 31. e6 Qd6 32. Re1 Re7 33. a4 Bc6 34.
axb5 axb5 35. h4 Kg7 36. Bc2 Bb6 37. h5 d4 38. Qg4 d3 39. Bb3 Bd5 40. Bxd5 Qxd5
41. Kh3 Bd4 42. f5 Qxf5 43. Qxf5 gxf5 44. g4 f4 45. Bxf4 Bc3 46. Rd1 Rxe6 47.
Rxd3 Bxb4 48. Rd5 Rb6 49. Rd7+ Kg8 50. Bh6 Bd6 51. Rg7+ 1/2-1/2